000 01116nam a2200265 4500
003 CO-ViMGA
020 _a9789587752649
040 _aCO-ViMGA
_bspa
_cCO-ViMGA
082 0 4 _a306.365
_bY42e
100 1 _aYie Garzón, Soraya Maite,
_d1976
_95041
245 1 0 _aDel patrón - Estado al Estado - patrón :
_bla agencia campesina en las narrativas de la reforma agraria en Nariño /
_cSoraya Maite Yie Garzón.
260 _aColombia :
_bUniversidad Nacional de Colombia,
_bPontificia Universidad Javeriana,
_c2015.
300 _a312 p. :
_bil, fotografías; 24 cm.
490 _aColección academica.
504 _aIncluye referencias bibliográficas.
650 1 4 _aAparcería.
_95048
650 1 4 _aArrendador y arrendatario.
_95049
650 1 4 _aDistribución de tierras - Nariño - Colombia.
_95047
650 1 4 _aHacienda de Bomboná - Consacá - Nariño - Colombia.
_95042
650 1 4 _aHistoria oral - Colombia.
_95045
650 1 4 _aInstituto Colombiano de la Reforma Agraria.
_95043
650 1 4 _aMovimientos campesinos.
_95046
650 1 4 _aReforma agraria - Historia - Nariño - Colombia.
_95044
942 _cBK
999 _c35888
_d35888